| 000 | 01041nam a2200265Ia 4500 | ||
|---|---|---|---|
| 003 | OSt | ||
| 005 | 20221005111845.0 | ||
| 006 | a|||||r|||| 00| 0 | ||
| 007 | ta | ||
| 008 | 221004b |||||||| |||| 00| 0 san d | ||
| 020 |
_a9789385309021 (hbk) _cINR 2500.00 |
||
| 024 | _a34844 | ||
| 037 |
_b117, 07/09/2017, Eastern Book Linkers _cTextual |
||
| 040 |
_aCRL _cCRL _bsan |
||
| 041 |
_2san _asan |
||
| 082 | _aQ:45.237, 152Q7 | ||
| 100 | _aश्रीवास्तव, शशिबाला, ले. | ||
| 245 | 0 | _aओसिया के मन्दिर एवं मूर्तियॉं | |
| 246 | _aOsiyā ke mandir evan mūrtiyaॉan | ||
| 260 |
_aवाराणसी _bकला प्रकाशन भारत _c2017 |
||
| 300 |
_a160पृ0 _ccm. |
||
| 650 |
_aमन्दिर-राजस्थान _9157954 |
||
| 942 |
_hQ:45.237, 152Q7 _cTEXL _2cc |
||
| 999 |
_c1023107 _d1023107 |
||